000 00533nam a2200181Ia 4500
008 151202s9999||||xx |||||||||||||| ||und||
082 _bPNVM-54212
100 _aलागू चिंतामणी.
245 _aफरार.
260 _b"मनोरमा प्रकाशन, मुंबई."
260 _c1988
300 _a198
600 _aलागू चिंतामणी.
630 _aफरार.
700 _aलागू चिंतामणी.
730 _aफरार.
942 _cBOOK
999 _c1320751
_d1320748